Energy prices and taxes. Quarterly statistics. Third quarter. 2001.

Saved in:
Bibliographic Details
Corporate Author: Organisation for Economic Co-operation and Development, OECD (Paris, France) (Originator)
Format: Book
Language:English
Published: Paris : OECD, 2001
Series:IEA statistics
Subjects:
ISBN:9264190716
ISSN:0256-2332
Online Access: Get full text
Tags: Add Tag
No Tags, Be the first to tag this record!

MARC

LEADER 00000nam a2200000 4500
003 SK-BrCVT
005 20220621154216.0
006 a####e######000#0#
008 011202s2001 fr ####e######000#0#eng d
020 |a 9264190716 
022 |a 0256-2332 
035 |a CVTIDW0960865 
040 |b slo  |c CVT  |e AACR2  |a CVTI SR 
041 0 |a eng 
044 |a fr  |c FR 
080 |a 620.9:336  |2 UDC-MRF 
110 2 |a Organisation for Economic Co-operation and Development, OECD (Paris, France)  |4 org 
242 1 0 |a Energia. Ceny a dane. Štvrťročná štatistika. Tretí štvrťrok. 2001 
245 1 0 |a Energy prices and taxes. Quarterly statistics. Third quarter. 2001.  |c Organisation for Economic Co-operation and Development ; International Energy Agency 
260 |a Paris :  |b OECD,  |c 2001 
300 |a LIV, 473 s., príl. :  |b grafy, tab. ; 
490 0 |a IEA statistics 
655 7 |a prehľady  |2 SNKPH 
692 |a GM DD JM MM 
710 1 |a International Energy Agency, IEA (Paris, France)  |4 oth  |9 13801 
760 1 |t IEA statistics 
910 |b A580283 
919 |a 92-64-19071-6 
974 |a maria.Geracsekova  |f Knihy 
992 |a APH 
999 |c 110958  |d 110958